Biblioteca

Cómo ganar hombres (Registro nro. 55491)

Detalles MARC
000 -LÍDER
Campo fijo de descripción fija 01125aab a2200229 4500
001 - NÚMERO DE CONTROL
Campo de control 768714001
003 - IDENTIFICADOR DEL NÚMERO DE CONTROL
Campo de control CO-MdFUSB
005 - FECHA Y HORA DE LA ULTIMA TRANSACCIÓN
control field 20240612124014.0
008 - ELEMENTOS DE LONGITUD FIJA -- INFORMACIÓN GENERAL
Campo fijo de descripción fija -- Información general 170512s1996 cr ||||| |||| 00| 0 spa d
022 ## - NÚMERO INTERNACIONAL NORMALIZADO PARA PUBLICACIONES SERIADAS
Número Internacional Normalizado para Publicaciones Seriadas 1409-1968
040 ## - FUENTE DE CATALOGACIÓN
Agencia Catalogadora CO-MdFUSB
Idioma de catalogación spa
Agencia que realiza la transcripción CO-MdFUSB
Agencia que realiza la modificación CO-MdFUSB
041 ## - CÓDIGO DE IDIOMA
Código de idioma para texto/pista de sonido o título separado spa
100 1# - ASIENTO PRINCIPAL--NOMBRE PERSONAL
Nombre personal Wittig, Randall M.
Término relacionador autor
245 10 - TÍTULO
Título Cómo ganar hombres
Mención de responsabilidad / Randall M. Wittig
300 ## - DESCRIPCIÓN FÍSICA
Extensión Volumen 13. Número 4 (1996), páginas 5-10
Dimensiones : 27 cm.
520 ## - NOTA DE RESUMEN, ETC.
Nota de sumario, etc. Para ganar hombres hay que desarrollar un programa especial, un programa que tome en cuenta las realidades y necesidades de los hombres.<br/>En este artículo se habla sobre varios conceptos vitales para tener en cuenta al momento de crear un programa para hombres:<br/>Un mensaje que enfatiza la responsabilidad del hombre, que lo llama a la excelencia y que le presenta las demandas y el desafío del evangelio, atraerá a los hombres.<br/><br/>
546 ## - NOTA DE IDIOMA
Nota de idioma Texto en español
653 ## - TÉRMINO DE INDIZACIÓN - NO CONTROLADO
Término no controlado Programas para hombres
773 0# - ASIENTO DE ITEM FUENTE
Título Apuntes Pastorales
Biblionumber 49442
Itemnumber 77113
Parte(s) relacionada(s) / Volumen., número. (mes año), páginas Volumen 13. Número 4 (1996), páginas 5-10
Enumeración y primera página Página 5
942 ## - TIPO DE MATERIAL (KOHA)
Tipo de Item KOHA Artículos de Revista
945 ## - INFORMACIÓN LOCAL DEL REGISTRO
Catalogador JTF-925

No hay ítems disponibles.

Biblioteca FUSBC | Teléfono: (57+4) 349 88 10 Ext. 141| WhatsApp (+57) 3005338115 
E-mail: biblioteca@unisbc.edu.co | Calle 76 87-14 Robledo Palenque, Medellín, Colombia

Con tecnología Koha